| 000 | 00353nam a2200145 4500 | ||
|---|---|---|---|
| 003 | OSt | ||
| 008 | 240702b |||||||| |||| 00| 0 eng d | ||
| 020 | _a9780893891565 | ||
| 100 | _aRAMA, Swami | ||
| 245 | _aLiving with the Himalayan Masters | ||
| 260 |
_aUP _bHimalayan Institute Press _c1999 |
||
| 300 | _a486 | ||
| 650 | _aGeneral | ||
| 942 |
_2ddc _cREF |
||
| 999 |
_c12724 _d12724 |
||